000 00460nam a2200157 4500
001 117206
003 ES-MaACL
005 20230906190840.0
007 t|
008 070301s1964 sp r ||||1| spa d
100 1 _aPaz Agüeras, José Manuel.
_989762
245 1 0 _aMiscelánea literaria /
_cJosé Manuel Paz Agüeras.
260 _aZaragoza :
_b[s. n.],
_c1964 (
_fTall. El Noticiero)
300 _a143 p. ;
_c16 cm.
852 _aES-MaACL
_jC-26524
_bR.53608
999 _c117206
_d117206